| 000 | 00544nam a2200169 4500 | ||
|---|---|---|---|
| 008 | 080829s1955 nyu 000 0 eng | ||
| 090 |
_aHM271 _bT76 |
||
| 100 | 1 |
_aTrueblood, Elton, _d1900- |
|
| 245 | 1 | 0 | _aDeclaration of freedom. |
| 260 |
_aNew York : _bHarper & Brothers, _c[1955] |
||
| 300 |
_a124 p. ; _c20 cm. |
||
| 500 | _a"Originally delivered as the Colver lectures at Brown Univesity in 1954." | ||
| 650 | 4 | _aCivil rights. | |
| 650 | 4 | _aLiberty. | |
| 951 |
_p19467 _x00018998 _oHM271/T76 _j080829123926655 _d2000-12-21 |
||
| 999 |
_c32165 _d32165 |
||